Stories behind the best-loved songs of Chrismas / (Record no. 356400)
[ view plain ]
| 000 -LEADER | |
|---|---|
| fixed length control field | 00882cam a2200277Ki 4500 |
| 001 - CONTROL NUMBER | |
| control field | 1145238324 |
| 003 - CONTROL NUMBER IDENTIFIER | |
| control field | OCoLC |
| 005 - DATE AND TIME OF LATEST TRANSACTION | |
| control field | 20201207151012.0 |
| 008 - FIXED-LENGTH DATA ELEMENTS--GENERAL INFORMATION | |
| fixed length control field | 200321s2020 miu 000 0 eng d |
| 020 ## - INTERNATIONAL STANDARD BOOK NUMBER | |
| International Standard Book Number | 9780310115908 |
| 035 ## - SYSTEM CONTROL NUMBER | |
| System control number | (OCoLC)1145238324 |
| 040 ## - CATALOGING SOURCE | |
| Original cataloging agency | YDX |
| Language of cataloging | eng |
| Transcribing agency | YDX |
| Modifying agency | BDX |
| -- | OCLCQ |
| -- | SO$ |
| Description conventions | rda |
| 082 04 - DEWEY DECIMAL CLASSIFICATION NUMBER | |
| Classification number | 782.281723 |
| Edition number | 23 |
| 092 ## - LOCALLY ASSIGNED DEWEY CALL NUMBER (OCLC) | |
| Classification number | 782.28 |
| Item number | Collins |
| 100 1# - MAIN ENTRY--PERSONAL NAME | |
| Personal name | Collins, Ace, |
| Relator term | author. |
| 9 (RLIN) | 19103 |
| 245 10 - TITLE STATEMENT | |
| Title | Stories behind the best-loved songs of Chrismas / |
| Statement of responsibility, etc | Ace Collins. |
| 264 #1 - Production, Publication, Distribution, Manufacture, and Copyright Notice. | |
| Place of production, publication, distribution, manufacture | Grand Rapids, Michigan : |
| Name of producer, publisher, distributor, manufacturer | Zondervan, |
| Date of production, publication, distribution, manufacture, or copyr | [2020]. |
| 300 ## - PHYSICAL DESCRIPTION | |
| Extent | xi, 212 pages ; |
| Dimensions | 19 cm. |
| 336 ## - Content Type | |
| Content type term | text |
| 337 ## - Media type | |
| Media type term | unmediated |
| 338 ## - Carrier type | |
| Carrier type term | volume |
| 650 #0 - SUBJECT ADDED ENTRY--TOPICAL TERM | |
| Topical term or geographic name as entry element | Carols |
| General subdivision | History and criticism. |
| 9 (RLIN) | 6390218 |
| 650 #0 - SUBJECT ADDED ENTRY--TOPICAL TERM | |
| Topical term or geographic name as entry element | Christmas music |
| General subdivision | History and criticism. |
| 9 (RLIN) | 6390219 |
| 907 ## - LOCAL DATA ELEMENT G, LDG (RLIN) | |
| a | .b43918065x |
| 942 ## - ADDED ENTRY ELEMENTS (KOHA) | |
| Source of classification or shelving scheme | Dewey Decimal Classification |
| Koha item type | BOOK |
| Withdrawn status | Lost status | Source of classification or shelving scheme | Damaged status | Not for loan | Collection code | Home library | Current library | Shelving location | Date acquired | Source of acquisition | Total Checkouts | Total Renewals | Full call number | Barcode | Date last seen | Date checked out | Cost, replacement price | Price effective from | Koha item type |
|---|---|---|---|---|---|---|---|---|---|---|---|---|---|---|---|---|---|---|---|
| Dewey Decimal Classification | General NonFiction | Wasatch County Library | Wasatch County Library | Second Floor | 12/07/2020 | Deseret Book | 4 | 1 | 782.28 Collins | 34301001663725 | 03/09/2026 | 02/16/2021 | 14.99 | 12/07/2020 | BOOK |
